Ultimate GLEEK Quiz Stats

 Plays Quiz not verified by Sporcle

Score 0/30 Timer 10:00
0 Plays Today
Clue Answer % Correct
????
100%
????
54.3%
????
35.2%
????
35%
????
34.9%
????
32.6%
????
31.9%
????
31.2%
????
24.1%
????
23.8%
????
23.1%
????
23%
????
22.8%
????
19.1%
????
18.7%
Clue Answer % Correct
????
15.4%
????
14.9%
????
12.6%
????
12%
????
11.8%
????
11.4%
????
6.3%
????
3.9%
????
3.9%
????
2.5%
????
2.2%
????
1.9%
????
1%
????
1%
????
1%

You're not logged in!

Compare scores with friends on all Sporcle quizzes.
OR
Log In

Show Comments

Extras

Created Nov 2, 2010ReportNominate
Tags:glee, ultimate

Top Quizzes Today


Score Distribution

Your Account Isn't Verified!

In order to create a playlist on Sporcle, you need to verify the email address you used during registration. Go to your Sporcle Settings to finish the process.

Report this User

Report this user for behavior that violates our Community Guidelines.

Details: